1580 1780 1300 1312 1232 1307 1486 1033 1319 1316 1762 1157 1343 1718 1674 1747 1823 1297 1582 1021 1390 1822 1439 1140 1318 1281 1298 1439 1083 1748 1636 1011 1021 1581 1919 1419 1931 1184 1096 1127 1781 1494 1848 1720 1089 1688 1962 1184 1007 1587 1366 1234 1246 1666 1743 1757 1202 1602 1183 1981 1790 1999 1367 1735 1948 1301 1328 1611 1955 1917 1070 1220 1924 1323 1143 1380 1973 1684 1562 1715 1741 1824 1552 1644 1713 1202 1234 1055 1244 1265 1683 1320 1023 1996 1423 1095 1726 1233 1354 BCNSPRNW ULIB Ver.6.0+V

เปลี่ยนเป็นภาษาไทย

Change to English
 แสดงรายละเอียดบรรณานุกรม
  กลับหน้าหลัก

Brief Record : Get Marc (ISO 2709) : E-mail record : QR code < ปิดหน้าต่าง
LEADER : 00000nam 2200000uu 4500
001    13399122503
003     ULIB
008    130709s2552||||th 000 0 tha d
020    ^a9786117010330
090    ^aนว.^bพ572ฟ
100 0  ^aเพลงมีนา
245 00 ^aไฟรักบัลลังก์ฟาโรห์/^cเพลงมีนา
250    ^aพิมพ์ครั้งที่ 1
260    ^aกรุงเทพฯ :^bนกฮูก,^c2552
300    ^a198 หน้า
710 1  ^aนกฮูก
945    ^p157^l0^i19962
995    ^aทศพร
999    ^aทศพร เกษรทอง
รายการนี้ยังไม่มีแท็ก
คุณยังไม่ได้ล็อกอิน คุณสามารถมีกิจกรรมร่วมกับเว็บไซต์ได้ แต่ต้องล็อกอินก่อน ::
  ล็อกอิน

รายการสื่อสารสนเทศ

ลำดับที่ ประเภท เลขเรียก/บาร์โค้ด สถานที่ สถานะ
1. นวนิยาย
นวนิยาย
นว. พ572ฟ  
  Barcode: 19962
ห้องสมุดวิทยาเขตสวรรค์ประชารักษ์
►นวนิยาย
บนชั้น
  ขอยืม

BibComment


ยังไม่เคยถูกคอมเมนท์

คอมเมนท์ทรัพยากรรายการนี้
  คอมเมนท์: ไฟรักบัลลังก์ฟาโ..


 Copyright 2026. Bcnsprnw @Library